Name a Shakespeare Play... Quiz Stats

Quiz Updated Oct 10, 2014

Challenge
Share
Tweet
Embed
Score 0/18 Timer 06:00
1 Play Today
Name a Shakespeare play that... Play(s) % Correct
Has a ghostRichard III, Julius Caesar, Hamlet, Macbeth, Cymbeline
92.5%
Has a woman's name in the titleTroilus and Cressida, Romeo and Juliet, Antony and Cleopatra
91.6%
Has a female character who practices witchcraft1 and 2 Henry VI, Macbeth
86.2%
Features a play within a playLove's Labour's Lost, The Taming of the Shrew, A Midsummer Night's Dream, Hamlet, The Tempest
83.1%
Has a film version directed by Kenneth BranaghHenry V, Much Ado About Nothing, Hamlet, Love's Labour's Lost, As You Like It
81.7%
Has a character who is a MoorTitus Andronicus, The Merchant of Venice, Othello
80.7%
Has a character named AntonioThe Tempest, The Merchant of Venice, Two Gentlemen of Verona, Much Ado About Nothing, Twelfth Night
75.9%
Has a heroine who cross-dressesTwo Gentlemen of Verona, The Merchant of Venice, As You Like It, Twelfth Night, Cymbeline
75.7%
Is NOT usually classified as a history play, but contains at least one scene set in EnglandThe Merry Wives of Windsor, The Taming of the Shrew, Cymbeline, King Lear, Macbeth
63.4%
Name a Shakespeare play that... Play(s) % Correct
Is set in AthensA Midsummer Night's Dream, Timon of Athens, Two Noble Kinsmen
60.1%
Includes a lookalike pair of twinsThe Comedy of Errors, Twelfth Night
59.1%
Is based on Plutarch's Lives of the Noble Greeks and RomansJulius Caesar, Antony and Cleopatra, Coriolanus
57.1%
Has a major character who is a bastard1 Henry VI, King John, Much Ado About Nothing, King Lear, Troilus and Cressida
56.1%
Features Mistress Quickly1 and 2 Henry IV, Henry V, Merry Wives of Windsor
44.6%
Has a character who is pregnant or gives birth during the play3 Henry VI, Titus Andronicus, Measure for Measure, All's Well that Ends Well, Pericles, The Winter's Tale, Henry VIII
40.2%
Has a character who is attacked by a wild animalAs You Like It, The Winter's Tale
39.2%
Is based on source material by ChaucerTroilus and Cressida, Two Noble Kinsmen
24.9%
Is entirely in verse1 Henry VI, 3 Henry VI, King John, Richard II
21%

You're not logged in!

Compare scores with friends on all Sporcle quizzes.
Sign Up with Email
OR
Log In

You Might Also Like...

Show Comments

Extras

Top Quizzes Today


Score Distribution

Your Account Isn't Verified!

In order to create a playlist on Sporcle, you need to verify the email address you used during registration. Go to your Sporcle Settings to finish the process.